[Event "Bohumin op-B 6th"]
[Site "Bohumin"]
[Date "2023.07.01"]
[Round "1"]
[White "Jurcek, Adrian"]
[Black "Mikova, Miriam"]
[Result "0-1"]
[WhiteElo "1312"]
[BlackElo "1758"]
[PlyCount "78"]
[EventDate "2023.07.01"]
[EventType "swiss"]
[EventRounds "9"]
[EventCountry "CZE"]
[SourceTitle "EXT 2024"]
[Source "ChessBase"]
[SourceDate "2023.10.10"]
[SourceVersion "1"]
[SourceVersionDate "2023.10.10"]
[SourceQuality "1"]

1. e4 c6 2. d4 d5 3. exd5 cxd5 4. Bd3 Nc6 5. c3 Nf6 6. h3 g6 7. Nf3 Bf5 8. 0-0 Bxd3 9. Qxd3 Bg7 10. Bf4 0-0 11. Nbd2 Rc8 12. Rac1 Na5 13. b4 Nc4 14. Nxc4 Rxc4 15. Ne5 Rc8 16. a4 Nd7 17. Rfe1 Nxe5 18. Bxe5 Bh6 19. Rc2 Rc4 20. g4 Qd7 21. Bg3 Rfc8 22. f4 e6 23. a5 Qc6 24. Re3 Bg7 25. Bf2 Bxd4 26. Rf3 Bxf2+ 27. Kxf2 Rxb4 28. f5 Re4 29. f6 Qd6 30. Kg2 Rf4 31. Rcf2 Rxf3 32. Rxf3 e5 33. Qe3 b6 34. axb6 axb6 35. h4 Rc4 36. Qg5 Rf4 37. Re3 e4 38. Qh6 Qxf6 39. h5 Rxg4+ 0-1